• 首页
  • 本馆介绍
  • 公告通知
  • 最新文献
  • 馆藏检索
  • 电子资源
  • 读者导购
  • 参考咨询
  • 我的图书馆
  • 登录
  • 详细信息显示
  • 放入我的书架
  • 预约/预借图书
  • 作者相关作品
  • 分类相关作品
  • 丛书相关作品
  • 出版社相关作品

书目信息

  • 表格格式
  • 工作单格式
  • 卡片格式
题名:
治学例话
    
 
作者: 唐绪军 主编
分册:  
出版信息: 北京   中国社会科学出版社  2015
页数: 343页
开本: 25cm
丛书名:
单 册:
中图分类: G210-53 , G206-53
科图分类:
主题词: 新闻学--Xin Wen Xue--文集 , 传播学--Chuan Bo Xue--文集
电子资源:
ISBN: 978-7-5161-7245-2
000 01328cam0 2200289 45
001 012001003872
005 20140114153456.0
010    @a978-7-5161-7245-2@b第1辑@dCNY68.00
099    @aCAL 012016012206
100    @a20160221g20159999em y0chiy50 ea
101 0  @achi
102    @aCN@b110000
105    @aack z 000yy
106    @ar
200 1  @a治学例话@AZhi Xue Li Hua@e全国新闻传播学优秀论文品鉴@d= Exemplars and reviews@ea selection of distinguished works on journalism and communication studies in China@f唐绪军主编@zeng@FTang Xu Jun Zhu Bian@PTXJZB
210    @a北京@c中国社会科学出版社@d2015
215    @a343页@c图(部分彩图), 肖像@d25cm
330    @a本书收录了从2012年国内公开发表的26400篇新闻传播学论文中精心筛选出的12篇高水准的优秀论文,概述了2012年度国内新闻传播学术研究的新进展。每篇文章由作者小传、论文原文、遴选意见和写作回眸四部分组成。
510 1  @aExemplars and reviews@ea selection of distinguished works on journalism and communication studies in China@zeng
517 1  @a全国新闻传播学优秀论文品鉴@AQuan Guo Xin Wen Chuan Bo Xue You Xiu Lun Wen Pin Jian
606 0  @a新闻学@AXin Wen Xue@j文集
606 0  @a传播学@AChuan Bo Xue@j文集
690    @aG210-53@v5
690    @aG206-53@v5
701  0 @a唐绪军@ATang Xu Jun@4主编
801    @b江苏凤凰@c20191020
905    @b1237260-5@dG210-53@e859@f6
    
    治学例话:全国新闻传播学优秀论文品鉴= Exemplars and reviews:a selection of distinguished works on journalism and communication studies in China/唐绪军主编.-北京:中国社会科学出版社,2015
    343页:图(部分彩图), 肖像;25cm
    
    
    ISBN 978-7-5161-7245-2(第1辑):CNY68.00
    本书收录了从2012年国内公开发表的26400篇新闻传播学论文中精心筛选出的12篇高水准的优秀论文,概述了2012年度国内新闻传播学术研究的新进展。每篇文章由作者小传、论文原文、遴选意见和写作回眸四部分组成。
●
相关链接 在E读中查询图书 在五车中查询图书 在当当中查询图书 在豆瓣中查询图书


正题名:治学例话     索取号:G210-53/859         预约/预借

序号 登录号 条形码 馆藏地/架位号 状态 备注
1 1237260   212372608   第一样本阅览室/ [索取号:G210-53/859] 在馆    
2 1237261   212372617   教育系资料室/ [索取号:G210-53/859] 在馆    
3 1237262   212372626   教育系资料室/ [索取号:G210-53/859] 在馆    
4 1237263   212372635   第四借阅区/ [索取号:G210-53/859] 在馆    
5 1237264   212372644   第四借阅区/ [索取号:G210-53/859] 在馆    
6 1237265   212372653   第四借阅区/ [索取号:G210-53/859] 在馆    
欢迎您!
大连网信软件有限公司© 版权所有